Investments in Tanzania some comments some issues
Saved in:
| Main Author: | |
|---|---|
| Other Authors: | |
| Format: | Book |
| Published: |
Dar es Salaam :
Friedrich Ebert,
c2004.
|
| Subjects: | |
| Tags: |
Add Tag
No Tags, Be the first to tag this record!
|
MARC
| LEADER | 00000nam a22000007a 4500 | ||
|---|---|---|---|
| 005 | 20260625091030.0 | ||
| 020 | |a 9987220991 |c Tshs 10,000/= | ||
| 040 | |a DCC Library |b eng |e AACR2 | ||
| 082 | |a 332.6 PET | ||
| 100 | |a Peter, Chris. Maina | ||
| 245 | |a Investments in Tanzania |b some comments some issues |c /Chris, M. Peter and Saudin, J. Mwakaje / | ||
| 260 | |a Dar es Salaam : |b Friedrich Ebert, |c c2004. | ||
| 300 | |a xi, 195 p.: |b ill.; |c 20 cm. | ||
| 650 | |a Investment destination | ||
| 650 | |a Investment |z Tanzania | ||
| 650 | |a investment |v Law | ||
| 650 | |a Investment incentives | ||
| 650 | |a Investment process | ||
| 700 | |a Mwakaje, Jacob Saudin. | ||
| 942 | |c BK | ||
| 999 | |c 12774 |d 12774 | ||